02344nam a2200409 i 4500001001200000003000800012006001900020007001500039008004100054020001800095020002700113040003500140035002100175043001200196050002800208082001700236110014200253245029700395264007700692264001200769300005100781336002100832337002300853338003200876504006900908588010000977590014701077650005101224650004401275650004401319650004101363655002201404776035301426797001201779856012601791999001701917ebr10889067CaPaEBRm o d cr cn|||||||||140719t20142014dcua ob 000 0 eng d z9780309301732 a9780309301749 (e-book) aCaPaEBRbengerdaepncCaPaEBR a(OCoLC)884590384 an-us---14aRC552.P67b.N385 2014eb04a616.85212232 aInstitute of Medicine (U.S.).bCommittee on the Assessment of Ongoing Efforts in the Treatment of Posttraumatic Stress Disorder,eauthor.10aTreatment for posttraumatic stress disorder in military and veteran populations :bfinal assessment /cCommittee on the Assessment of Ongoing Efforts in the Treatment of Posttraumatic Stress Disorder, Board on the Health of Select Populations, Institute of Medicine of the National Academies. 1aWashington, District of Columbia :bThe National Academies Press,c2014. 4c�2014 a1 online resource (300 pages) :billustrations atext2rdacontent acomputer2rdamedia aonline resource2rdacarrier aIncludes bibliographical references at the end of each chapters. aDescription based on online resource; title from PDF title page (ebrary, viewed July 17, 2014). aElectronic reproduction. Palo Alto, Calif. : ebrary, 2014. Available via World Wide Web. Access may be limited to ebrary affiliated libraries. 0aPost-traumatic stress disorderzUnited States. 0aSoldiersxMental healthzUnited States. 0aVeteransxMental healthzUnited States. 0aSoldierszUnited StatesxPsychology. 0aElectronic books.08iPrint version:aInstitute of Medicine (U.S.). Committee on the Assessment of Ongoing Efforts in the Treatment of Posttraumatic Stress Disorder.tTreatment for posttraumatic stress disorder in military and veteran populations : final assessment.dWashington, District of Columbia : The National Academies Press, c2014 hxv, 284 pages z97803093017322 aebrary.40uhttp://site.ebrary.com/lib/rucke/Doc?id=10889067zAn electronic book accessible through the World Wide Web; click to view c30069d30069